| 000 | 00977nam a2200241 a 4500 | ||
|---|---|---|---|
| 001 | 44713 | ||
| 003 | BD-RjUL | ||
| 005 | 20211209053914.0 | ||
| 008 | 160720s1966bg xxu |||| b||| 000 0 ben d | ||
| 020 | _c: Tk 3.00 | ||
| 035 | _a(BD-RjUL)44831 | ||
| 040 |
_aBD-RjUL _bben _cBD-RjUL |
||
| 041 | _aben | ||
| 082 |
_223 _a361.25 _bKOM 1966 |
||
| 100 | 1 | 0 |
_aকয়েল, ডেভিড কুশম্যান _9137103 |
| 245 | 1 | 0 |
_aমহাসমাজের রুপরেখা / _cডেভিড কুশম্যান কয়েল; অনুবাদক : মোহাম্মদ বশিরুল্লাহ |
| 260 |
_aঢাকা : _bব্রাইট নবুক হাউস, _c১৯৬৬ |
||
| 300 |
_a[১০] ২৬৭ পৃ. ; _c২০ সেমি. |
||
| 650 |
_aসামাজিক নীতি _9137131 |
||
| 650 |
_aSocial Policy _9126830 |
||
| 700 |
_a মোহাম্মদ বশিরুল্লাহ _9137104 |
||
| 942 |
_2ddc _cBK |
||
| 999 |
_c44713 _d44713 |
||